000 00307nam a22001337a 4500
008 170405b xxu||||| |||| 00| 0 eng d
020 _a9780471192817
041 _aeng
080 _a 574
100 _a9
101 _aSHM
245 _aINTRODUCTION TO PLANT PHYSIOLOGY
_cHOPKINS, W.G
942 _2udc
_cBK
999 _c9799
_d9799